000 nam a22 7a 4500
999 _c328438
_d328438
003 Nust
005 20170407110752.0
008 170407b xxu||||| |||| 00| 0 eng d
020 _a9788189741495
040 _c0
082 _a355.0217 YAD
100 _aYadav,M.S
245 _aNuclear Weapons and Explosions:
_bEnvironmental Impacts and Other Effects
260 _aNew Delhi
_bSBS Publishers & Distributors
_c2007
300 _a335p.
500 _aH.B
942 _2ddc
_cBK
_k355.0217 YAD